000 01023nam a2200205 i 4500
001 163063
003 ES-MaACL
005 20250806054529.0
008 931025s1859 sp |||| | spa d
110 2 _aAcademia Médico-Quirúrgica Matritense.
_91210
245 1 0 _aMemoria de la Junta Directiva correspondiente al décimo aniversario, celebrado el día 20 de diciembre de 1859 /
_cleída por el secretario de gobierno José Molina Castell.
260 _aMadrid :
_b[s.n.],
_c1859 (
_fImp. de Manuel Galiano)
300 _a37 p. ;
_c24 cm.
505 8 _aContiene: De las causas que produjeron la decadencia de la medicina española / discurso de José Ametller
650 7 _aMedicina-
_zEspaña-
_yS.XIX
_2
_9147760
700 1 _aMolina Castell, José.
_9130022
700 1 _aAmetller y Viñas, José.
_9125655
852 4 _aES-MaACL
_jT-351-F-13
_z- Enc. hol., falto de cub. original
_z- Enc. en un vol. facticio
_z- Dedicatoria ms. de Joaquín Berrueca a los Escolares Médicos
999 _c163063
_d163063